Ani reklama nie je všemohúca Ako na Slovensku rozdeliť päť Fordových dolárov?

Reklama, podpora predaja, propagácia (promotion) - fungovanie týchto zložiek marketingového procesu. Nízka obratovosť v reklamnom priemysle na Slovensku. Rezervy reklamného priemyslu. Výdavky na reklamu. Marketing mix a jeho štyri veličiny tzv. 4 P - výrobok (product), cena (price), podpora predaj (...

Descrizione completa

Salvato in:
Dettagli Bibliografici
Autore principale: Filo, Peter
Natura: Capitolo di libro
Lingua:slovacco
Soggetti:
Tags: Aggiungi Tag
Nessun Tag, puoi essere il primo ad aggiungerne!!

MARC

LEADER 00000naa a2200000 4500
001 r015306
005 20221205090913.0
041 0 |a slo 
044 |a SK 
245 1 0 |a Ani reklama nie je všemohúca  |b Ako na Slovensku rozdeliť päť Fordových dolárov?  |c Peter Filo 
520 |a Reklama, podpora predaja, propagácia (promotion) - fungovanie týchto zložiek marketingového procesu. Nízka obratovosť v reklamnom priemysle na Slovensku. Rezervy reklamného priemyslu. Výdavky na reklamu. Marketing mix a jeho štyri veličiny tzv. 4 P - výrobok (product), cena (price), podpora predaj (promotion) a odbytové kanály (place). 
610 2 0 |a reklama 
610 2 0 |a propagácia 
610 2 0 |a predaj 
610 2 0 |a marketing mix 
610 2 0 |a distribúcia 
610 2 0 |a odbyt 
610 2 0 |a Slovensko 
100 1 |a Filo, Peter